00402nam a2200181Ia 4500008004000000041000800040082001100048100001800059245003200077260004200109300001200151440000700163650000800170650001700178650001300195650000600208650000600214210210b1919 xxu||||| |||| 00| 0 eng d aeng a320/84 aBRYCE (James) aAmerican commonwealth Vol 2 aNew YorkbThe Macmillan Companyc1919 avii,963 aII aVol acommonwealth aAmerican a2 a1